Biblioteca

Dios y el nuevo ateísmo (Registro nro. 63943)

Detalles MARC
000 -LÍDER
Campo fijo de descripción fija 01665nam a2200421 i 4500
001 - NÚMERO DE CONTROL
Campo de control 768714001
003 - IDENTIFICADOR DEL NÚMERO DE CONTROL
Campo de control CO-MdFUSB
005 - FECHA Y HORA DE LA ULTIMA TRANSACCIÓN
control field 20180622072747.0
008 - ELEMENTOS DE LONGITUD FIJA -- INFORMACIÓN GENERAL
Campo fijo de descripción fija -- Información general 120724s2012 sp | |||| 000 0 spa
017 ## - COPYRIGHT OR LEGAL DEPOSIT NUMBER
Copyright or legal deposit number SA 247-2012
Assigning agency Oficina Depósito Legal Cantabria
020 ## - NÚMERO INTERNACIONAL NORMALIZADO PARA LIBROS
Número Internacional Normalizado del libro 9788484683984 (U.P. Comillas)
020 ## - NÚMERO INTERNACIONAL NORMALIZADO PARA LIBROS
Número Internacional Normalizado del libro 9788429320114 (Sal Terrae)
040 ## - FUENTE DE CATALOGACIÓN
Agencia de catalogación original SpMaBN
Idioma de catalogación spa
Agencia que realiza la transcripción CO-MdFUSB
Convenciones de la descripción rda
Agencia que realiza la modificación CO-MdFUSBC
041 1# - CÓDIGO DE IDIOMA
Código de idioma para texto/pista de sonido o título separado spa
Código de idioma original eng
080 ## - UNIVERSAL DECIMAL CLASSIFICATION NUMBER
Universal Decimal Classification number 211
080 ## - UNIVERSAL DECIMAL CLASSIFICATION NUMBER
Universal Decimal Classification number 239
082 ## - NÚMERO DE CLASIFICACIÓN DECIMAL DEWEY
Número de la edición del Dewey 24
Número de clasificación 211
Clave de autor-Numero de item H371
100 1# - ASIENTO PRINCIPAL--NOMBRE PERSONAL
Nombre personal Haught, John F.
Término relacionador autor
240 12 - TITULO UNIFORME
Título uniforme <a href="A critical response to Dawkins">A critical response to Dawkins</a>
245 10 - TÍTULO
Título del Material Dios y el nuevo ateísmo
Parte restante del título - Subtitulo : una respuesta crítica a Dawkins, Harris y Hitchens
Mención de responsabilidad, etc. / John F. Haught ; [traducción, José Manuel Lozano-Gotor Perona]
264 #1 - PRODUCCIÓN, PUBLICACIÓN, DISTRIBUCIÓN, MANUFACTURA, Y COPYRIGHT
Lugar de producción, publicación, distribución, manufactura Madrid :
Nombre del productor, publicador, distribuidor Comillas,
-- Santander,
-- Sal Terrae
Fecha de producción, publicación, distribución, manufactura, o copyright [2012]
264 #4 - PRODUCCIÓN, PUBLICACIÓN, DISTRIBUCIÓN, MANUFACTURA, Y COPYRIGHT
Fecha de producción, publicación, distribución, manufactura, o copyright ©2012
300 ## - DESCRIPCIÓN FÍSICA
Extensión 166 p.
Dimensiones : 22 cm.
Otros detalles físicos :
336 ## - TIPO DE CONTENIDO
Fuente rdacontent
Término de tipo de contenido texto
Código de tipo de contenido txt
337 ## - TIPO DE MEDIO
Fuente rdamedia
Nombre del tipo de medio sin mediación
Código del tipo de medio n
338 ## - TIPO DE SOPORTE
Fuente rdacarrier
Nombre del tipo de soporte volumen
Código Tipo de soporte nc
490 0# - MENCIÓN DE SERIE
Mención de serie Ciencia y religión
505 ## - NOTA DE CONTENIDO
Nota de contenido con formato preestablecido ¿Cuanto de nuevo hay en el nuevo ateísmo? -- ¿Cuánto de ateo hay en el nuevo ateísmo? -- Importa la teología -- ¿Es Dios una hipótesis? -- ¿Por qué creemos los seres humanos? -- ¿Podemos ser buenos sin Dios? -- ¿Es Dios un ser personal? -- La teología cristiana y el nuevo ateísmo.
534 ## - NOTA DE VERSION ORIGINAL
Publicación, distribución, etc. del original God and the New Atheism. A critical response
Frase introductoria Título del original en inglés:
563 ## - NOTA DE ENCUADERNACIÓN
Nota de encuadernación Rústico
650 #7 - ASIENTO SECUNDARIO DE MATERIA - TERMINO TEMÁTICO
Término temático o nombre geográfico como elemento de entrada Ateísmo
650 #7 - ASIENTO SECUNDARIO DE MATERIA - TERMINO TEMÁTICO
Término temático o nombre geográfico como elemento de entrada Apologética
720 ## - ASIENTO SECUNDARIO - NOMBRE NO CONTROLADO
Nombre Lozano-Gotor, José Manuel
Término de relación traductor
942 ## - TIPO DE MATERIAL (KOHA)
Tipo de Item KOHA Libros General
956 ## - LOCAL ELECTRONIC LOCATION AND ACCESS (OCLC)
Host name 2
Existencias
Estado de Material Estado de Perdido Forma de Clasificación Estado de Dañado No para Préstamo Colección Biblioteca de Origen Biblioteca Permanente Fecha de Adquisición Total de Préstamos Signatura Topográfica Código de Barras Última vez visto Última vez Préstado Ejemplar/Existencia Fecha de Remplazo Tipo de Material
    Dewey Decimal Classification     Colección General Biblioteca FUSBC Biblioteca FUSBC 27/07/2017 1 G 211 H371d 4248 23/04/2026 11/09/2017 Ej. 1 27/07/2017 Libros General
    Dewey Decimal Classification     Colección General Biblioteca FUSBC Biblioteca FUSBC 15/08/2017   G 211 H371d 6314 13/12/2019   Ej. 2 15/08/2017 Libros General

Biblioteca FUSBC | Teléfono: (57+4) 349 88 10 Ext. 141| WhatsApp (+57) 3005338115 
E-mail: biblioteca@unisbc.edu.co | Calle 76 87-14 Robledo Palenque, Medellín, Colombia

Con tecnología Koha